Rodinné těžítko /

Hlavní autor: Semler, Will, 1923-
Další autoři: Synková, Blanka
Jazyk: Čeština
Vydáno: Plzeň : Západočeská galerie v Plzni, p.o., 2015
Témata:
Fyzický popis: 201 stran : ilustrace, portréty, faksimile ; 21 cm
Knihy
Uloženo v:
LEADER 01905nam a2200541 i 4500
001 nkc20162779336
003 CZ PrNK
005 20160425104905.0
007 ta
008 160301s2015 xr ach e 000 0acze
015 |a cnb002779336 
020 |a 978-80-88027-09-6  |q (brožováno) 
035 |a (OCoLC)946295192 
040 |a BOA001  |b cze  |e rda 
041 1 |a cze  |h eng 
043 |a u-at--- 
045 |a x-y- 
072 7 |a 929  |x Biografie  |2 Konspekt  |9 8 
080 |a (=162.3)  |2 MRF 
080 |a 929  |2 MRF 
080 |a 314.15-026.44  |2 MRF 
080 |a (94)  |2 MRF 
080 |a (0:82-94)  |2 MRF 
100 1 |a Semler, Will,  |d 1923-  |7 pna2016904175  |4 aut 
240 1 0 |a Family paper weight.  |l Česky 
245 1 0 |a Rodinné těžítko /  |c Will Semler ; překlad: Blanka Synková 
264 1 |a Plzeň :  |b Západočeská galerie v Plzni, p.o.,  |c 2015 
300 |a 201 stran :  |b ilustrace, portréty, faksimile ;  |c 21 cm 
336 |a text  |b txt  |2 rdacontent 
337 |a bez média  |b n  |2 rdamedia 
338 |a svazek  |b nc  |2 rdacarrier 
500 |a Přeloženo z angličtiny 
500 |a 300 výtisků 
600 1 7 |a Semler, Will,  |d 1923-  |7 pna2016904175  |2 czenas 
648 7 |a 20.-21. století  |7 ch462155  |2 czenas 
648 7 |a 1918-1939  |7 ch460649  |2 czenas 
650 0 7 |a Češi  |7 ph128067  |z Austrálie  |y 20.-21. století  |2 czenas 
650 0 7 |a Češi  |7 ph128067  |x emigrace a imigrace  |y 1918-1939  |2 czenas 
650 0 9 |a Czechs  |z Australia  |y 20th-21st centuries  |2 eczenas 
650 0 9 |a Czechs  |x emigration and immigration  |y 1918-1939  |2 eczenas 
655 7 |a autobiografické vzpomínky  |7 fd131854  |2 czenas 
655 9 |a autobiographical reminiscences  |2 eczenas 
700 1 |a Synková, Blanka  |7 hka2015891748  |4 trl 
910 2 |a BOA001  |b 2-1364.019 
990 |a BK 
995 |a 01 
991 |b 201603  |c NOV 
996 6 |b 2610661878  |c 2-1364.019  |l MZK  |r Sklad / do 1 hodiny  |n 1  |p p.v.  |w 001548679  |u 000010  |a 1  |e BOA001  |j MZK50  |s P